00670nam a2200241 a 4500001001000000003000600010005001700016008004100033020001500074040000800089082001100097100003200108245005500140250001200195260003200207300003100239500002000270500005800290650002600348650002700374942001200401999001500413015036443UkOxU20141125100326.0001207r20001998enk 000 0 eng d a0826454100 cDLC a28251 1 aFrancis, A.q(Andy),d1944-10aBusiness mathematics and statistics /cA. Francis. a5th ed. aLondon :bContinuum,c2000. avi, 659 p. :bill.c25 cm. aIncludes index. aOriginally published: London : DP Publications, 1998. 0aBusiness mathematics. 0aCommercial statistics. 2ddccBK c1824d1824